00812nam a22002657a 4500003000500000005001700005008004100022010001100063011001100074020001500085035001100100040000900111082001600120100003000136245008900166260003300255300003900288490005100327650002100378650002100399650001600420650002800436650003100464830005100495CHAP20220817044441.0110526s1993 mx a r 00010 spa d a101317 a102289 a9681613178 a112977 cCHAP04a339.5bEs651 aEspinosa Villarreal Oscar13aEl impulso a la micro, pequeña y mediana empresac/por Óscar Espinosa Villarreal aMéxico, D.F. :bFCE,c1993 a152 p. :bilus., Cuadros, gráfs. aUna visión de la modernización de México14aMacroeconomía.14aMicroeconomía.14aModernidad.14aPolítica económica.14aReformas constitucionales.0 aUna visión de la modernización de México